| 000 | 00878nam a2200277Ia 4500 | ||
|---|---|---|---|
| 003 | OSt | ||
| 005 | 20220927110007.0 | ||
| 006 | a|||||r|||| 00| 0 | ||
| 007 | ta | ||
| 008 | 220926b |||||||| |||| 00| 0 eng d | ||
| 020 | _a0870142208 | ||
| 024 | _a68598 | ||
| 037 | _cReference Collections | ||
| 040 |
_aRTL _cRTL _beng |
||
| 041 |
_2eng _aeng |
||
| 082 | _a"X7p1,N7, L0" | ||
| 100 |
_aMargolis Julius _9375805 |
||
| 111 |
_aConference on the Analysis of Public Output (New York) _9375806 |
||
| 245 | 0 |
_aProceedings _b The Analysis of Public Output edited by Julius Margolis |
|
| 260 |
_aNew _bYork Nation Bureau U. S. A. _c1970 |
||
| 300 |
_a"xvi, 409p." _ccm. |
||
| 490 | _a"Universities-Nation Bureau Conference series, 23." | ||
| 650 | _aPublic Finance | ||
| 942 |
_h"X7p1,N7, L0" _cCC |
||
| 999 |
_c695299 _d695299 |
||